Statistics for Jesse... or Richard?

Click here to take the quiz!

General Stats

  • This quiz has been taken 66 times
    (57 since last reset)
  • The average score is 10 of 12

Answer Stats

QuestionAnswer% Correct
Nixon (president)Richard
100%
Owens (olympian)Jesse
92%
James (outlaw)Jesse
92%
Wagner (composer)Richard
92%
Gervais (actor)Richard
88%
Jackson (Civil Rights Activist)Jesse
85%
Van Dyke (Actor)Richard
85%
Attenborough (Actor)Richard
83%
Pryor (Comedian)Richard
83%
Eisenberg (actor)Jesse
79%
Tyler Ferguson (actor)Jesse
67%
Sherman (NFL Player)Richard
42%

Score Distribution

Percentile by Number Answered

Percent of People with Each Score

Your Score History

You have not taken this quiz since the last reset